| 000 | 00470nam a2200193Ia 4500 | ||
|---|---|---|---|
| 005 | 20250423095003.0 | ||
| 008 | 250422s9999 xx 000 0 und d | ||
| 020 | _a0- 321-37319- 7 | ||
| 050 | _aQA 76.73 .J38 W448/ | ||
| 100 | _aWeiss, Mark Allen | ||
| 245 | 0 | _aData structures and algorithm analysis in JAVA | |
| 250 | _a2nd ed. | ||
| 260 | _aNew York | ||
| 260 | _bPearson | ||
| 260 | _c2007 | ||
| 300 | _a555 p | ||
| 650 | _aComputer Science | ||
| 942 | _cBK | ||
| 999 |
_c28898 _d28898 |
||